Score 0/22 Timer 03:00
1 Play Today
Clue % Correct
Five-Letter LadderCUTER
87.9%
Six-Letter LadderHEATER
84.5%
Five-Letter LadderLARGE
83.3%
Five-Letter LadderSURGE
83%
Six-Letter LadderHEATED
81%
Six-Letter LadderSEATED
80.1%
Five-Letter LadderPURER
79.2%
Five-Letter LadderPUREE
79.1%
Five-Letter LadderSARGE
78.9%
Five-Letter LadderCURER
77.8%
Five-Letter LadderCATER
77.7%
Clue % Correct
Five-Letter LadderPURGE
77.7%
Five-Letter LadderLATER
76.9%
Six-Letter LadderMASHED
76.1%
Six-Letter LadderMASTED
73.6%
Six-Letter LadderMASTER
72.2%
Five-Letter LadderLAGER
71.7%
Six-Letter LadderSEAMED
70.5%
Six-Letter LadderHESTER
66.6%
Six-Letter LadderTESTER
61.3%
Six-Letter LadderTASTER
59.7%
Six-Letter LadderSHAMED
57.6%

Today's Daily Dose

Remove Ads.
Support Sporcle.
Get the best of Sporcle when you Go Orange. This ad-free experience offers more features, more stats, and more fun while also helping to support Sporcle. Thank you for becoming a member.

You're not logged in!

Compare scores with friends on all Sporcle quizzes.
OR
Log In

Show Comments

Extras

Top Quizzes Today


Score Distribution

Your Account Isn't Verified!

In order to create a playlist on Sporcle, you need to verify the email address you used during registration. Go to your Sporcle Settings to finish the process.

Report this User

Report this user for behavior that violates our Community Guidelines.

Details: